<?xml version="1.0" encoding="UTF-8"?><?xml-stylesheet type="text/xsl" href="static/style.xsl"?><OAI-PMH xmlns="http://www.openarchives.org/OAI/2.0/" xmlns:xsi="http://www.w3.org/2001/XMLSchema-instance" xsi:schemaLocation="http://www.openarchives.org/OAI/2.0/ http://www.openarchives.org/OAI/2.0/OAI-PMH.xsd"><responseDate>2026-06-01T02:40:23Z</responseDate><request verb="GetRecord" identifier="oai:riuma.uma.es:10630/32473" metadataPrefix="marc">https://riuma.uma.es/rest/oai/request</request><GetRecord><record><header><identifier>oai:riuma.uma.es:10630/32473</identifier><datestamp>2026-02-03T11:31:08Z</datestamp><setSpec>com_10630_2254</setSpec><setSpec>col_10630_37953</setSpec></header><metadata><record xmlns="http://www.loc.gov/MARC21/slim" xmlns:dcterms="http://purl.org/dc/terms/" xmlns:doc="http://www.lyncode.com/xoai" xmlns:xsi="http://www.w3.org/2001/XMLSchema-instance" xsi:schemaLocation="http://www.loc.gov/MARC21/slim http://www.loc.gov/standards/marcxml/schema/MARC21slim.xsd">
   <leader>00925njm 22002777a 4500</leader>
   <datafield ind2=" " ind1=" " tag="042">
      <subfield code="a">dc</subfield>
   </datafield>
   <datafield ind2=" " ind1=" " tag="720">
      <subfield code="a">Rodríguez Cañestro, Sheila</subfield>
      <subfield code="e">author</subfield>
   </datafield>
   <datafield ind2=" " ind1=" " tag="260">
      <subfield code="c">2024-07-08</subfield>
   </datafield>
   <datafield ind2=" " ind1=" " tag="520">
      <subfield code="a">Este artículo propone una reflexión sobre el paradigma occidental de progreso, que históricamente ha implicado la explotación de la naturaleza y la subordinación de las mujeres. Para abordar esta cuestión, se centra en el análisis del proyecto expositivo «Raíces secundarias» (2022) de la artista Gabriela Bettini, donde aborda la intersección entre el colonialismo europeo en América Latina, el surgimiento del capitalismo en la región y la crisis actual de los recursos naturales. Para contextualizar&#xd;
esta temática, se recurre a las contribuciones de teóricas ecofeministas como Alicia H. Puleo, Vandana Shiva y Yayo Herrero, quienes han analizado las relaciones existentes entre la opresión de las mujeres y la degradación de la naturaleza. Como&#xd;
conclusión, se plantea que la propuesta pictórica de Bettini invita a reconsiderar la relación del ser humano con la naturaleza, superando las visiones antropocéntrica y androcéntrica arraigadas en la cultura occidental, con el fin de transitar a un mundo justo y sostenible.</subfield>
   </datafield>
   <datafield ind1="8" ind2=" " tag="024">
      <subfield code="a">Rodríguez Cañestro, Sheila. 2024. «Una revisión crítica del modelo de progreso occidental: Ecofeminismo y la propuesta pictórica de Gabriela Bettini». AusArt 12 (2): 99-111. https://doi.org/10.1387/ausart.26210</subfield>
   </datafield>
   <datafield ind1="8" ind2=" " tag="024">
      <subfield code="a">https://hdl.handle.net/10630/32473</subfield>
   </datafield>
   <datafield ind1="8" ind2=" " tag="024">
      <subfield code="a">10.1387/ausart.26210</subfield>
   </datafield>
   <datafield tag="653" ind2=" " ind1=" ">
      <subfield code="a">Pintura contemporánea</subfield>
   </datafield>
   <datafield tag="653" ind2=" " ind1=" ">
      <subfield code="a">Pintoras</subfield>
   </datafield>
   <datafield tag="653" ind2=" " ind1=" ">
      <subfield code="a">Feminismo y arte</subfield>
   </datafield>
   <datafield tag="653" ind2=" " ind1=" ">
      <subfield code="a">Movimiento ecologista</subfield>
   </datafield>
   <datafield ind2="0" ind1="0" tag="245">
      <subfield code="a">Una revisión crítica del modelo de progreso occidental: ecofeminismo y la propuesta pictórica de Gabriela Bettini.</subfield>
   </datafield>
</record>
</metadata></record></GetRecord></OAI-PMH>